| 000 | 00710nam a2200217 i 4500 | ||
|---|---|---|---|
| 001 | 71820 | ||
| 003 | ES-MaACL | ||
| 005 | 20230906171235.0 | ||
| 007 | t| | ||
| 008 | 040819s1971 sp ||||1| spa d | ||
| 100 | 1 |
_aGibbon, John H. _956632 |
|
| 245 | 1 | 0 |
_aCirugía torácica / _cJohn H. Gibbon, David C. Sabiston, Frank C. Spencer ; [versión, A. Alix Trueba y N.G. Vega]. |
| 260 |
_aBarcelona : _bSalvat, _c[1971] |
||
| 300 |
_aXX, 1015 p. : _bil. ; _c26 cm. |
||
| 650 | 4 |
_aTórax- _xCirugía. _9161633 |
|
| 700 | 1 |
_aSabiston, David C. _9101208 |
|
| 700 | 1 |
_aSpencer, Frank C. _9107683 |
|
| 700 | 1 |
_aAlix Trueba, A. _919945 |
|
| 700 | 1 |
_aGonzález de Vega, Norberto. _958576 |
|
| 852 |
_aES-MaACL _jC-37291 |
||
| 999 |
_c71820 _d71820 |
||